000
00299nam a2200109Ia 4500
008
220120s9999||||xx |||||||||||||| ||und||
100
_a
Hayes, Manson, H
245
0
_a
Digital signal processing
260
_a
Tata mcgraw hill company Ltd
_b
New Delhi
_c
2007
300
_a
648p.
_b
0
650
_a
HUMANITIES
999
_c
132418
_d
132418